adverbe et adjectif FR - ANG - Statistiques

Statistiques générales
  • Ce quiz a été pris 105 fois
  • Le résultat moyen est 15 sur 30
Statistiques - réponses
hint answer % Correct
personne nobody / anyone / no one
100%
important important / substantial
95%
rarement rarely / seldom
91%
partout everywhere
90%
tard late
90%
bien well
85%
à cause de because of
84%
même si even if
84%
tôt early
83%
pas chère cheap
81%
généralement usually / generally
81%
malheureusement unfortunately
80%
à savoir que namely
79%
cet-cette this
79%
derrière behind
78%
près de (géographique) near
77%
ces-ci these
75%
a première vue at first sight
73%
devant front
71%
autre chose something else
69%
malgré despite
68%
bizarre strange
68%
formidable wonderful / astounding
68%
au coté de alongside
67%
tant que / aussi longtemps que as long as
67%
inhabitable uninhabitable
67%
joyeusement happily
65%
facilement easily
63%
petit à petit gradually
62%
tandis que / tandis que / pendant que while
62%
n'importe oû anywhere / anyplace
60%
inhabité uninhabited
60%
dans le but de in order to
59%
neammoins nonetheless
59%
penché leaning / leaning
58%
vivant lively
57%
vers/ en direction de toward
57%
accessible / disponible available
56%
finalement eventually
56%
grandement highly
56%
ces-là those
56%
brusque sudden
55%
fade bland
54%
à peine barely
53%
quoi que whatever
52%
en conséquence accordingly / consenquently
50%
en opposition à / contre as against
50%
a l'époque back then
50%
actuellement curently
50%
presque / près de (temps) nearly
50%
épais thick
48%
par conséquence consequently
47%
à l'avance in advance
47%
ou alors / ou sinon or else
47%
à peu prés roughly
47%
au contraire on the contrary
45%
jusqu'à présent till now
44%
à la différence de unlike
44%
à condition que on condition that
42%
graisseux / graisseuse greasy
41%
d'après according to
40%
peu importe comment no matter how
39%
peut-être perhaps
39%
flou blurry
37%
dans la plupart des cas in most cases
36%
surtout above all
35%
c'est à dire that's to say
35%
large baggy
31%
d'avantage further
31%
en raison de owing to
26%
utile usefull
25%
peu importe ce que no matter what
24%
inutile useless
24%
inversement conversely
23%
au lieu de instead
20%
faiblement weakly
17%
d'un point de vue from a (adjective) point of view
14%
douloureux aching / painful
13%
en quelque sorte somehow
8%
alors que/ en dépit du fait even though
6%
cauchemardesque nightmarish
5%
bien que although
0%
attractive appealing
0%
doux balmy
0%
comestible edible
0%
véritablement genuinly
0%
à la réfléxion on second thoughts
0%
soi-disant presumably
0%
chatouilleux ticklish
0%
incliné tilted
0%
Aucun quiz correspondant
Distribution des résultats
% des personnes avec chaque résultat
Percentile par nombre de réponses
Votre historique - résultats
Vous n’avez pas pris ce quiz